Every Falling In Reverse Song - Statistics

General Stats
  • This quiz has been taken 103 times
  • The average score is 32 of 65
Answer Stats
Album Song % Correct
The Drug In Me Is You The Drug In Me Is You
98%
Just Like You Just Like You
86%
Fashionably Late Fashionably Late
85%
The Drug In Me Is You I'm Not A Vampire
85%
Singles I'm Not A Vampire (Revamped)
85%
Singles Popular Monster
74%
The Drug In Me Is You Raised By Wolves
71%
The Drug In Me Is You Good Girls, Bad Guys
70%
Just Like You Sexy Drug
70%
Coming Home Coming Home
69%
Fashionably Late Bad Girls Club
68%
The Drug In Me Is You Pick Up The Phone
66%
Fashionably Late Game Over
65%
Fashionably Late Alone
63%
The Drug In Me Is You Caught Like A Fly
61%
Coming Home Fuck You And All Your Friends
61%
Singles Drugs
60%
The Drug In Me Is You The Westerner
60%
Singles Zombified
59%
The Drug In Me Is You Tragic Magic
58%
Singles Losing My Mind
56%
The Drug In Me Is You Sink Or Swim
56%
Singles Losing My Life
55%
Fashionably Late Rolling Stone
55%
The Drug In Me Is You Goodbye Graceful
54%
Just Like You Brother
53%
Just Like You Chemical Prisoner
53%
Fashionably Late Champion
49%
Singles Voices In My Head
49%
Coming Home I'm Bad At Life
46%
Coming Home Loser
46%
Coming Home Superhero
46%
Singles The Drug In Me Is Reimagined
45%
Fashionably Late Fuck The Rest
44%
Coming Home Broken
43%
Coming Home Carry On
43%
Fashionably Late Drifter
43%
Just Like You God, If You Are Above...
43%
Covers Gangsta's Paradise
41%
Just Like You Get Me Out
40%
Fashionably Late It's Over When It's Over
40%
Coming Home The Departure
40%
Coming Home I Hate Everyone
39%
Coming Home Paparazzi
39%
Just Like You Pray
39%
Fashionably Late Born To Lead
38%
Just Like You Guillotine IV (The Final Chapter)
38%
Fashionably Late Keep Holding On
38%
Coming Home Straight To Hell
38%
Just Like You Die For You
36%
Coming Home Hanging On
36%
Fashionably Late Self-Destruct Personality
36%
Just Like You The Bitter End
36%
Fashionably Late Where Have You Been
36%
Just Like You My Apocalypse II
35%
Just Like You My Heart's To Blame
35%
Just Like You Stay Away
35%
Just Like You Wait And See
35%
Fashionably Late Goddamn
34%
Coming Home I Don't Mind
33%
Coming Home Right Now
33%
The Drug In Me Is You I'm Not A Hero
13%
The Drug In Me Is You You're Something Else
11%
The Drug In Me Is You Don't Mess With Quija Boards
8%
Covers She's A Rebel
6%
No matching quizzes found
Score Distribution
Percent of People with Each Score
Percentile by Number Answered
Your Score History
You have not taken this quiz